[Event "CAN-ch"]
[Site "Toronto CAN"]
[Date "1978.08.17"]
[Round "12"]
[White "Hebert, Jean"]
[Black "Jauregui, Carlos"]
[Result "1-0"]
[WhiteElo "2255"]
[BlackElo "2355"]
[PlyCount "81"]
[GameId "2160767912913382"]
[EventDate "1978.08.05"]
[EventType "tourn"]
[EventRounds "15"]
[EventCountry "CAN"]
[SourceTitle "MCD"]
[Source "ChessBase"]
[SourceVersion "1"]
[SourceQuality "1"]

1. e4 e6 2. d4 d5 3. e5 c5 4. Nf3 Nc6 5. c3 Qb6 6. Bd3 cxd4 7. cxd4 Bd7 8. O-O a6 9. Nc3 Nxd4 10. Nxd4 Qxd4 11. Re1 Qb6 12. Qg4 O-O-O 13. Be3 Qb4 14. Qxb4 Bxb4 15. Bb6 Re8 16. Rec1 Kb8 17. Ne2 Ne7 18. a3 Bd2 19. Rc7 Ba4 20. b3 Bc6 21. Rd1 Bh6 22. a4 f6 23. Nd4 fxe5 24. Nxc6+ Nxc6 25. Bxa6 Re7 26. Rxe7 Nxe7 27. Bb5 Nc8 28. Bc5 Rd8 29. a5 e4 30. Bd4 g6 31. Bf6 Rf8 32. Be5+ Ka8 33. a6 e3 34. Bd4 exf2+ 35. Bxf2 Rd8 36. Re1 Rd6 37. Bc5 Rd8 38. Rxe6 d4 39. Rf6 Be3+ 40. Kf1 Rd5 41. axb7+ 1-0

[Event "CAN-ch"]
[Site "Toronto CAN"]
[Date "1978.08.18"]
[Round "13"]
[White "Spraggett, Kevin"]
[Black "Hebert, Jean"]
[Result "1/2-1/2"]
[WhiteElo "2450"]
[BlackElo "2255"]
[PlyCount "24"]
[GameId "2160767912913395"]
[EventDate "1978.08.05"]
[EventType "tourn"]
[EventRounds "15"]
[EventCountry "CAN"]
[SourceTitle "MCD"]
[Source "ChessBase"]
[SourceVersion "1"]
[SourceQuality "1"]

1. e4 c5 2. Nf3 d6 3. d4 cxd4 4. Nxd4 Nf6 5. Nc3 e6 6. g4 a6 7. g5 Nfd7 8. Be3 b5 9. a3 Nb6 10. Rg1 N8d7 11. f4 Bb7 12. Qg4 Rc8 1/2-1/2

[Event "CAN-ch"]
[Site "Toronto CAN"]
[Date "1978.08.19"]
[Round "14"]
[White "Hebert, Jean"]
[Black "Biyiasas, Peter"]
[Result "1-0"]
[WhiteElo "2255"]
[BlackElo "2450"]
[PlyCount "39"]
[GameId "2160767912913399"]
[EventDate "1978.08.05"]
[EventType "tourn"]
[EventRounds "15"]
[EventCountry "CAN"]
[SourceTitle "MCD"]
[Source "ChessBase"]
[SourceVersion "1"]
[SourceQuality "1"]

1. e4 e5 2. Nf3 Nc6 3. d4 exd4 4. Nxd4 Qh4 5. Nb5 Qxe4+ 6. Be2 Kd8 7. O-O a6 8. N1c3 Qe5 9. Nd5 Nf6 10. Nbxc7 Nd4 11. Bf3 Nxd5 12. Nxd5 Ne6 13. Re1 Qd4 14. Qe2 Bd6 15. Be3 Qxb2 16. Rab1 Qxa2 17. Nc3 Qa3 18. Rb3 Bxh2+ 19. Kxh2 Qd6+ 20. Kg1 1-0

[Event "Quebec City"]
[Site "Quebec CAN"]
[Date "1978.??.??"]
[Round "3"]
[White "Hebert, Jean"]
[Black "Rousseau, Jean-Jacques"]
[Result "1-0"]
[WhiteElo "2435"]
[BlackElo "2129"]
[PlyCount "99"]
[GameId "2160767912979321"]
[EventDate "1978.??.??"]
[EventCountry "CAN"]

1. e4 e5 2. Nf3 Nc6 3. Bb5 a6 4. Ba4 Nf6 5. O-O Be7 6. Re1 b5 7. Bb3 O-O 8. c3 d6 9. h3 Nb8 10. d4 Nbd7 11. Nbd2 Bb7 12. Bc2 Re8 13. Nf1 Bf8 14. Ng3 g6 15. a4 c5 16. d5 c4 17. Nh2 Nc5 18. f3 Nfd7 19. Ng4 Bg7 20. Rf1 Rf8 21. f4 h5 22. Nh2 exf4 23. Bxf4 Ne5 24. Qd2 Ncd3 25. Bxd3 Nxd3 26. Bg5 f6 27. Bh6 Qe7 28. Nf3 Bxh6 29. Qxh6 Qg7 30. Qd2 Rae8 31. b4 Bc8 32. axb5 axb5 33. Ra5 Bd7 34. Ra6 Qe7 35. Qh6 Rf7 36. Kh2 Ne5 37. Nd4 Rh7 38. Qf4 Rf8 39. Ra7 h4 40. Nge2 Nd3 41. Qf3 Qe5+ 42. Kg1 Re7 43. Nf4 Nxf4 44. Qxf4 Qxf4 45. Rxf4 g5 46. Rf2 Kf7 47. Rfa2 Rd8 48. Kf2 Rxe4 49. Nc6 Rf4+ 50. Kg1 1-0

[Event "CAN-ch U20 1977"]
[Site "Montreal CAN"]
[Date "1977.04.08"]
[Round "1"]
[White "Hebert, Jean"]
[Black "Gibson, Tomas"]
[Result "1-0"]
[WhiteElo "2201"]
[BlackElo "1770"]
[PlyCount "39"]
[GameId "2160767912979656"]
[EventDate "1977.04.08"]
[EventType "tourn"]
[EventRounds "9"]
[EventCountry "CAN"]
[SourceTitle "EXT 2022"]
[Source "ChessBase"]
[SourceDate "2021.10.06"]
[SourceVersion "1"]
[SourceVersionDate "2021.10.06"]
[SourceQuality "1"]

1. e4 c5 2. Nf3 d6 3. d4 cxd4 4. Nxd4 Nf6 5. Nc3 a6 6. Bg5 e6 7. f4 Be7 8. Qf3 Qc7 9. O-O-O Nbd7 10. Bd3 h6 11. h4 Nc5 12. f5 Bd7 13. fxe6 fxe6 14. e5 dxe5 15. Bxf6 Bxf6 16. Bg6+ Kd8 17. Nb3 Nxb3+ 18. axb3 Rf8 19. Qg4 Ke7 20. Qb4+ 1-0

[Event "CAN-ch U20 1977"]
[Site "Montreal CAN"]
[Date "1977.04.09"]
[Round "2"]
[White "Patterson, Roger"]
[Black "Hebert, Jean"]
[Result "1/2-1/2"]
[WhiteElo "1708"]
[BlackElo "2202"]
[PlyCount "101"]
[GameId "2160767912979663"]
[EventDate "1977.04.08"]
[EventType "tourn"]
[EventRounds "9"]
[EventCountry "CAN"]
[SourceTitle "hb 2017"]

1. e4 c5 2. d4 cxd4 3. c3 d3 4. Bxd3 Nc6 5. Nf3 d6 6. O-O Nf6 7. Bg5 e6 8. Qe2 h6 9. Bh4 Be7 10. Rd1 Qc7 11. c4 a6 12. Nc3 Bd7 13. Rac1 g5 14. Bg3 Ne5 15. Nxe5 dxe5 16. a3 h5 17. h4 Ng4 18. hxg5 Bxg5 19. Rc2 Qc5 20. b4 Qe7 21. Re1 Bf4 22. Qf3 Qg5 23. Ne2 Bxg3 24. Qxg3 h4 25. Qh3 Rd8 26. Nc3 Nf6 27. Be2 Bc6 28. b5 Bxe4 29. Nxe4 Nxe4 30. bxa6 bxa6 31. c5 Rd2 32. Rc4 Rd4 33. c6 Qf4 34. Rf1 Rxc4 35. Bxc4 Ke7 36. Bxa6 Ng5 37. Qe3 Qxe3 38. fxe3 Kd6 39. Bb7 Kc7 40. a4 h3 41. Kh2 f5 42. Rd1 hxg2+ 43. Kxg2 Rd8 44. Rxd8 Kxd8 45. a5 Kc7 46. a6 Kb6 47. Bc8 Ne4 48. Bxe6 Nd6 49. a7 Kxa7 50. c7 Kb7 51. c8=Q+ 1/2-1/2

[Event "CAN-ch U20 1977"]
[Site "Montreal CAN"]
[Date "1977.04.10"]
[Round "3"]
[White "Hebert, Jean"]
[Black "Johnstone, Glenn"]
[Result "1-0"]
[WhiteElo "2201"]
[BlackElo "1666"]
[PlyCount "49"]
[GameId "2160767912979669"]
[EventDate "1977.04.08"]
[EventType "tourn"]
[EventRounds "9"]
[EventCountry "CAN"]
[SourceTitle "CFC 1977.05"]

1. e4 d5 2. exd5 Qxd5 3. Nc3 Qa5 4. d4 Nc6 5. d5 Nb8 6. Nf3 Nf6 7. Bd2 c5 8. Nb5 Qd8 9. Bf4 Na6 10. Bc4 g6 11. Qe2 Bg7 12. Nd6+ Kf8 13. Nxc8 Rxc8 14. Rd1 Nh5 15. Bc1 Qa5+ 16. Bd2 Nb4 17. O-O Qc7 18. c3 Na6 19. Rfe1 Bf6 20. Ng5 Qd6 21. Ne4 Qb6 22. g4 Ng7 23. d6 Qd8 24. Nxf6 exf6 25. Bh6 1-0

[Event "CAN-ch U20 1977"]
[Site "Montreal CAN"]
[Date "1977.04.11"]
[Round "4"]
[White "Rousseau, Jean-Jacques"]
[Black "Hebert, Jean"]
[Result "0-1"]
[WhiteElo "1786"]
[BlackElo "2201"]
[PlyCount "76"]
[GameId "2160767912979675"]
[EventDate "1977.04.08"]
[EventType "tourn"]
[EventRounds "9"]
[EventCountry "CAN"]
[SourceTitle "CFC 1977.05"]

1. e4 e6 2. d4 d5 3. Nc3 Bb4 4. e5 c5 5. a3 Bxc3+ 6. bxc3 Ne7 7. a4 Qa5 8. Bd2 Nbc6 9. Nf3 Bd7 10. Be2 c4 11. Ng5 h6 12. Nh3 O-O-O 13. Nf4 f6 14. exf6 gxf6 15. Bg4 f5 16. Bh3 Rde8 17. O-O Nd8 18. Re1 Rh7 19. Qh5 Rg8 20. Kh1 Nec6 21. Re2 Kb8 22. g4 e5 23. dxe5 fxg4 24. Bg2 Ne7 25. e6 Rg5 26. exd7 Rxh5 27. Nxh5 Rf7 28. Nf4 Nec6 29. Nxd5 h5 30. Bf4+ Rxf4 31. Nxf4 Qf5 32. Nd5 Ne5 33. Rd1 Nf3 34. Re7 h4 35. a5 h3 36. Bf1 Ne5 37. Be2 Qxf2 38. Bf1 Nf3 0-1

[Event "CAN-ch U20 1977"]
[Site "Montreal CAN"]
[Date "1977.04.10"]
[Round "5"]
[White "Hebert, Jean"]
[Black "Morenz, Phil"]
[Result "1-0"]
[WhiteElo "2201"]
[BlackElo "2027"]
[PlyCount "33"]
[GameId "2160767912979679"]
[EventDate "1977.04.08"]
[EventType "tourn"]
[EventRounds "9"]
[EventCountry "CAN"]
[SourceTitle "hb 2017"]

1. e4 e6 2. d3 d5 3. Nd2 Nf6 4. Ngf3 c5 5. g3 b6 6. e5 Nfd7 7. Nb3 Nc6 8. Bf4 Be7 9. h4 Bb7 10. Bg2 Qc7 11. O-O Ndxe5 12. Nxe5 Nxe5 13. d4 cxd4 14. Re1 Bd6 15. Nxd4 a6 16. Qe2 Nd7 17. Nxe6 1-0

[Event "CAN-ch U20 1977"]
[Site "Montreal CAN"]
[Date "1977.04.11"]
[Round "6"]
[White "Lavin, David"]
[Black "Hebert, Jean"]
[Result "1/2-1/2"]
[WhiteElo "2055"]
[BlackElo "2201"]
[PlyCount "172"]
[GameId "2160767912979683"]
[EventDate "1977.04.08"]
[EventType "tourn"]
[EventRounds "9"]
[EventCountry "CAN"]
[SourceTitle "hb 2017"]

1. e4 c5 2. Nf3 e6 3. d4 cxd4 4. Nxd4 Nf6 5. Nc3 d6 6. Bc4 Be7 7. Bb3 Nc6 8. Be3 Qa5 9. O-O O-O 10. f4 Bd7 11. f5 Qe5 12. fxe6 Nxe4 13. Nd5 Bg5 14. Nf3 Bxe3+ 15. Nxe3 Qc5 16. Qd3 Bxe6 17. Bxe6 Rae8 18. Bd7 Nb4 19. Qd4 Re7 20. Bf5 g6 21. Bxe4 Qxd4 22. Nxd4 Rxe4 23. c3 Nd3 24. Nd5 f5 25. Rad1 Nxb2 26. Rde1 Re5 27. Rxe5 dxe5 28. Ne6 Rb8 29. Rb1 Nc4 30. Ng5 b6 31. Ne7+ Kg7 32. Nc6 Rc8 33. Nxa7 Ra8 34. Rb4 Ne3 35. Ra4 h6 36. Nf3 Rd8 37. Nc6 Rd1+ 38. Kf2 f4 39. Ncxe5 Ra1 40. Ra7+ Kf6 41. Ra6 Nd1+ 42. Ke2 Rxa2+ 43. Rxa2 Nxc3+ 44. Kd2 Nxa2 45. Nd3 b5 46. Nxf4 Nb4 47. Nd4 g5 48. Nd3 Nd5 49. Nxb5 Kf5 50. Nd6+ Kg4 51. Nf7 Kh5 52. Ke2 Kg6 53. Nd6 Kh5 54. Kf3 Nf6 55. Ne5 g4+ 56. Kg3 Ne4+ 57. Kf4 Nxd6 58. Nxg4 Kg6 59. Ne5+ Kg7 60. h4 Ne8 61. Kf5 Nd6+ 62. Ke6 Ne4 63. g4 Nf6 64. h5 Ne4 65. Nc4 Ng5+ 66. Ke7 Ne4 67. Ne3 Ng5 68. Nf5+ Kh7 69. Nd6 Kg7 70. Ne8+ Kh7 71. Kf6 Ne4+ 72. Ke5 Ng5 73. Kf5 Nf3 74. Kf6 Nh2 75. Kf5 Nf3 76. Ke4 Ng5+ 77. Kf4 Ne6+ 78. Ke5 Ng5 79. Nc7 Nf3+ 80. Kf6 Ng5 81. Ne6 Ne4+ 82. Ke5 Nf2 83. Kf5 Kg8 84. Nf4 Kf7 85. Nd5 Nh3 86. Nf6 Ng5 1/2-1/2

[Event "CAN-ch U20 1977"]
[Site "Montreal CAN"]
[Date "1977.04.12"]
[Round "7"]
[White "Hebert, Jean"]
[Black "Reeve, Jeff"]
[Result "1/2-1/2"]
[WhiteElo "2201"]
[BlackElo "1938"]
[PlyCount "109"]
[GameId "2160767912979689"]
[EventDate "1977.04.08"]
[EventType "tourn"]
[EventRounds "9"]
[EventCountry "CAN"]
[SourceTitle "EXT 2022"]
[Source "ChessBase"]
[SourceDate "2021.10.06"]
[SourceVersion "1"]
[SourceVersionDate "2021.10.06"]
[SourceQuality "1"]

1. e4 c5 2. Nf3 d6 3. Nc3 Nc6 4. d4 cxd4 5. Nxd4 g6 6. Be3 Bg7 7. h3 Nf6 8. Bc4 O-O 9. Bb3 Bd7 10. O-O a6 11. f4 b5 12. a3 Qc7 13. Qd3 Rad8 14. Rae1 Na5 15. Kh1 Bc8 16. f5 Nc4 17. Bc1 Bb7 18. Bxc4 bxc4 19. Qe3 Nh5 20. Nde2 d5 21. exd5 Bxd5 22. Qg5 Bc6 23. Nf4 Nf6 24. fxg6 hxg6 25. Be3 e5 26. Nfe2 Ne4 27. Nxe4 Bxe4 28. Rc1 Qb7 29. Nc3 Bc6 30. Rb1 Rd7 31. b3 cxb3 32. Rxb3 Qa8 33. Qg3 Rb7 34. h4 Rxb3 35. cxb3 Qb7 36. h5 Qxb3 37. h6 Bh8 38. Qh4 Kh7 39. Qe7 Qb7 40. Qxf8 Bxg2+ 41. Kg1 Bxf1 42. Ne4 f6 43. Kxf1 g5 44. Nxf6+ Bxf6 45. Qxf6 Qh1+ 46. Ke2 Qxh6 47. Qxh6+ Kxh6 48. Kd3 Kg6 49. Kc4 Kf5 50. Kc5 g4 51. Kb6 g3 52. Kxa6 Ke4 53. Bg1 Kd3 54. Kb7 e4 55. a4 1/2-1/2

[Event "Quebec op"]
[Site "Montreal CAN"]
[Date "1976.10.??"]
[Round "?"]
[White "Weinstein, Norman"]
[Black "Hebert, Jean"]
[Result "1-0"]
[WhiteElo "2430"]
[BlackElo "2255"]
[PlyCount "94"]
[GameId "2160767912979946"]
[EventDate "1976.10.09"]
[EventType "swiss"]
[EventRounds "6"]
[EventCountry "CAN"]
[SourceTitle "EXT 2022"]
[Source "ChessBase"]
[SourceDate "2021.10.06"]
[SourceVersion "1"]
[SourceVersionDate "2021.10.06"]
[SourceQuality "1"]

1. e4 e6 2. d4 d5 3. e5 c5 4. c3 Qb6 5. Nf3 Bd7 6. Be2 Bb5 7. c4 Bxc4 8. Bxc4 dxc4 9. d5 exd5 10. Qxd5 Ne7 11. Qxc4 Qb4+ 12. Qxb4 cxb4 13. O-O Nbc6 14. Bf4 Ng6 15. Bg3 Be7 16. Nbd2 O-O 17. Ne4 Rfd8 18. Rfd1 Rxd1+ 19. Rxd1 Rd8 20. Rxd8+ Bxd8 21. Nc5 Bc7 22. Nd3 h6 23. Kf1 Kf8 24. Ke2 Ke7 25. Ke3 Bb6+ 26. Ke4 Ke6 27. h4 f6 28. exf6 Kxf6 29. Nfe5 Ncxe5 30. Nxe5 Nf8 31. Nc4 Bc5 32. Be5+ Kg6 33. f4 Nd7 34. g4 b6 35. h5+ Kf7 36. Kf5 Be7 37. g5 hxg5 38. fxg5 Nf8 39. Bb8 b5 40. Ne5+ Kg8 41. Bxa7 Kh7 42. Be3 Bd6 43. Nf7 Bc7 44. Bc5 g6+ 45. hxg6+ Nxg6 46. Bxb4 Kg7 47. Nd6 Ne7+ 1-0

[Event "CAN-op"]
[Site "Toronto CAN"]
[Date "1976.08.06"]
[Round "8"]
[White "Day, Lawrence"]
[Black "Hebert, Jean"]
[Result "1-0"]
[WhiteElo "2386"]
[BlackElo "2211"]
[PlyCount "67"]
[GameId "2160767912980073"]
[EventDate "1976.07.31"]
[EventType "swiss"]
[EventRounds "10"]
[EventCountry "CAN"]
[SourceTitle "EXT 2022"]
[Source "ChessBase"]
[SourceDate "2021.10.06"]
[SourceVersion "1"]
[SourceVersionDate "2021.10.06"]
[SourceQuality "1"]

1. Nf3 d5 2. g3 c5 3. Bg2 Nc6 4. O-O e5 5. d3 Be7 6. e4 dxe4 7. dxe4 Bg4 8. Nbd2 Qc7 9. c3 h5 10. Nc4 h4 11. Ne3 Be6 12. Nd5 Bxd5 13. exd5 Nd8 14. Re1 hxg3 15. hxg3 f6 16. Nh4 g5 17. Nf5 Bd6 18. Be3 Ne7 19. Qa4+ Kf7 20. Be4 b6 21. Kg2 Nxf5 22. Bxf5 Ke7 23. Qg4 Nf7 24. Be6 Raf8 25. Rh1 Kd8 26. Rh5 Rxh5 27. Qxh5 Nh8 28. Rh1 Qe7 29. Qxh8 Rxh8 30. Rxh8+ Kc7 31. Bf5 a5 32. Rh7 Kd8 33. Rxe7 Kxe7 34. a4 1-0

[Event "Quebec-ch intercoll."]
[Site "Trois-Rivieres CAN"]
[Date "1976.04.16"]
[Round "1"]
[White "Hebert, Jean"]
[Black "Vincent, Michel"]
[Result "1-0"]
[WhiteElo "2200"]
[BlackElo "1277"]
[PlyCount "71"]
[GameId "2160767912980225"]
[EventDate "1976.04.16"]
[EventType "swiss"]
[EventRounds "6"]
[EventCountry "CAN"]
[SourceTitle "Bulletin Mauricie #4"]

1. e4 e5 2. Nf3 Nc6 3. Bb5 a6 4. Ba4 Nf6 5. O-O Bd6 6. d4 b5 7. Bb3 Nxd4 8. Nxd4 exd4 9. e5 Bxe5 10. Re1 Qe7 11. f4 d6 12. fxe5 dxe5 13. c3 Bg4 14. Qd2 c5 15. cxd4 cxd4 16. a4 O-O 17. axb5 axb5 18. Rxa8 Rxa8 19. Na3 Qc5 20. h3 d3+ 21. Qf2 Qxf2+ 22. Kxf2 Be2 23. Ke3 g5 24. Bd2 Rb8 25. Bb4 e4 26. Rc1 Rd8 27. Rc5 h6 28. Rf5 Kg7 29. Be7 Rd7 30. Bxf6+ Kg6 31. Rf2 d2 32. Kxe2 e3 33. Rf3 h5 34. Bc2+ Kh6 35. Rxe3 Rd6 36. Bc3 1-0

[Event "Quebec-Mauricie m"]
[Site "Trois-Rivieres / Quebec CAN"]
[Date "1975.07.16"]
[Round "1"]
[White "Hebert, Jean"]
[Black "Picard, Jean"]
[Result "1-0"]
[WhiteElo "2200"]
[BlackElo "1650"]
[PlyCount "55"]
[GameId "2160767912976603"]
[EventDate "1975.07.16"]
[EventType "team"]
[EventRounds "2"]
[EventCountry "CAN"]
[SourceTitle "Bulletin Mauricie #1"]
[SourceDate "2006.01.01"]
[SourceVersion "1"]
[SourceVersionDate "2006.01.01"]
[SourceQuality "1"]

1. e4 e5 2. Nf3 Nf6 3. d4 d5 4. exd5 e4 5. Ne5 Nxd5 6. Be2 Be7 7. O-O O-O 8. c4 Nf6 9. Nc3 Nbd7 10. Qc2 Re8 11. Nxe4 Nxe4 12. Qxe4 Bd6 13. f4 c5 14. Be3 Qc7 15. Rad1 cxd4 16. Bxd4 Nc5 17. Qf3 Ne6 18. Be3 f6 19. Nd3 Bd7 20. Kh1 Bc6 21. Qf2 Be4 22. b3 b6 23. Bf3 Bxd3 24. Rxd3 Nc5 25. Bd5+ Kh8 26. Bxc5 Bxc5 27. Qc2 Re7 28. Bxa8 1-0

[Event "Quebec-Mauricie m"]
[Site "Trois-Rivieres / Quebec CAN"]
[Date "1975.07.17"]
[Round "2"]
[White "Picard, Jean"]
[Black "Hebert, Jean"]
[Result "0-1"]
[WhiteElo "1650"]
[BlackElo "2200"]
[PlyCount "94"]
[GameId "2160767912976607"]
[EventDate "1975.07.16"]
[EventType "team"]
[EventRounds "2"]
[EventCountry "CAN"]
[SourceTitle "Bulletin Mauricie #1"]
[SourceDate "2006.01.01"]
[SourceVersion "1"]
[SourceVersionDate "2006.01.01"]
[SourceQuality "1"]

1. e4 g6 2. d4 Bg7 3. c4 d6 4. Nc3 Nd7 5. f3 c5 6. d5 Ngf6 7. Bg5 h6 8. Bh4 O-O 9. Bd3 a6 10. Nge2 Ne5 11. f4 Nxd3+ 12. Qxd3 b5 13. O-O bxc4 14. Qxc4 Rb8 15. b3 Rb4 16. Qd3 Qb6 17. Kh1 Re8 18. Rad1 Bd7 19. Be1 Rc8 20. Bd2 c4 21. bxc4 Rbxc4 22. Rb1 Qc5 23. Rb3 Bg4 24. Be3 Qc7 25. Bb6 Bxe2 26. Nxe2 Qd7 27. Nd4 Rc1 28. Nc6 Rxf1+ 29. Qxf1 Nxe4 30. Qxa6 Rxc6 31. dxc6 Qxc6 32. Qa3 Qc2 33. h3 Qd1+ 34. Kh2 Nd2 35. Rd3 Nf1+ 36. Kg1 Qe1 37. Bf2 Qa1 38. Qa8+ Kh7 39. Qa7 Qb1 40. Qa3 Qa1 41. g3 Nxg3+ 42. Kg2 Nf5 43. Qb3 Qc1 44. Qd5 Qxf4 45. Qf3 Qc4 46. Qd1 Qxa2 47. Qf3 Nh4+ 0-1

[Event "Tournois de l'est"]
[Site "Quebec CAN"]
[Date "1972.??.??"]
[Round "?"]
[White "Hebert, Jean"]
[Black "Williams, Leo"]
[Result "1-0"]
[WhiteElo "1816"]
[BlackElo "2205"]
[PlyCount "59"]
[GameId "2160767913089255"]
[EventDate "1972.??.??"]
[EventType "swiss"]
[EventRounds "5"]
[EventCountry "CAN"]
[SourceTitle "EXT 2022"]
[Source "ChessBase"]
[SourceDate "2021.10.06"]
[SourceVersion "1"]
[SourceVersionDate "2021.10.06"]
[SourceQuality "1"]

1. d4 Nf6 2. Bg5 c5 3. Bxf6 gxf6 4. d5 Qb6 5. Nd2 Qxb2 6. Ngf3 f5 7. e3 Bg7 8. Rb1 Qxa2 9. Bc4 Qa5 10. O-O O-O 11. d6 e6 12. e4 fxe4 13. Nxe4 f5 14. Ng3 Qc3 15. Qe2 Nc6 16. Nh5 Na5 17. Ba2 Bf6 18. Rfd1 b6 19. Bxe6+ dxe6 20. d7 Bxd7 21. Rxd7 Qc4 22. Qe3 f4 23. Nxf6+ Rxf6 24. Qe5 Qxc2 25. Re1 Qf5 26. Qc7 Nc4 27. Rg7+ Kh8 28. Ng5 Rg6 29. Rxh7+ Kg8 30. Rh8+ 1-0

[Event "Tournois de l'est"]
[Site "Quebec CAN"]
[Date "1972.04.30"]
[Round "4"]
[White "Hebert, Jean"]
[Black "Pageau, Roger"]
[Result "1-0"]
[WhiteElo "1816"]
[BlackElo "1825"]
[PlyCount "101"]
[GameId "2160767913089264"]
[EventDate "1972.??.??"]
[EventType "swiss"]
[EventRounds "5"]
[EventCountry "CAN"]
[SourceTitle "Quebechecs 1972.07"]

1. e4 g6 2. d4 d6 3. Nc3 Bg7 4. f4 c6 5. Be3 Nf6 6. Nf3 O-O 7. Bd3 b5 8. O-O Ng4 9. Qd2 Nxe3 10. Qxe3 Qb6 11. e5 Na6 12. Rae1 Nb4 13. Be4 d5 14. Bd3 Nxd3 15. cxd3 Bf5 16. Ne2 Rfe8 17. h3 h5 18. Nh4 e6 19. Qf3 Qd8 20. Nxf5 exf5 21. g4 Qh4 22. gxf5 Kh7 23. Kh2 Bh6 24. f6 Rg8 25. Qf2 Qxf2+ 26. Rxf2 h4 27. Rg1 g5 28. f5 Rge8 29. Nc3 a5 30. Re2 a4 31. a3 b4 32. Na2 bxa3 33. bxa3 Ra5 34. Nb4 c5 35. Nxd5 cxd4 36. Ne7 Rc5 37. Rg4 Rd8 38. e6 fxe6 39. Rxe6 Rc2+ 40. Rg2 Rc5 41. Nc6 Rf8 42. Nxd4 Rd5 43. Rg4 Rc8 44. Re7+ Kh8 45. f7 Bf8 46. Re8 Rdd8 47. Rxd8 Rxd8 48. Ne6 Rxd3 49. Kg2 Rd2+ 50. Kf3 Rd3+ 51. Ke4 1-0

[Event "Tournois de l'est"]
[Site "Quebec CAN"]
[Date "1972.04.30"]
[Round "4"]
[White "Williams, Leo"]
[Black "Hebert, Jean"]
[Result "1-0"]
[WhiteElo "2205"]
[BlackElo "1816"]
[PlyCount "67"]
[GameId "2160767913089265"]
[EventDate "1972.??.??"]
[EventType "swiss"]
[EventRounds "5"]
[EventCountry "CAN"]
[SourceTitle "Chess Chat 1972.05"]

1. e4 d6 2. d4 Nf6 3. Nc3 g6 4. Bg5 Bg7 5. Qd2 O-O 6. O-O-O Nbd7 7. h4 c6 8. h5 Nxh5 9. g4 Nhf6 10. f3 Qa5 11. Bh6 b5 12. Bxg7 Kxg7 13. Qh6+ Kg8 14. Kb1 Rd8 15. Nh3 b4 16. Ne2 Nf8 17. Ng3 e5 18. Qg5 Ne8 19. d5 cxd5 20. exd5 Bb7 21. Bc4 Qc7 22. b3 Rac8 23. Qd2 a5 24. Ne4 Qe7 25. f4 Nf6 26. Nhf2 Re8 27. f5 N8d7 28. Qh6 Qf8 29. Qh4 Qe7 30. Nxf6+ Nxf6 31. Ne4 Kg7 32. Qh6+ Kg8 33. g5 Qf8 34. Nxf6+ 1-0